International tourism: Emerging challenges and future prospects (Record no. 24145)

MARC details
000 -LEADER
fixed length control field 00492nam a2200169Ia 4500
008 - FIXED-LENGTH DATA ELEMENTS--GENERAL INFORMATION
fixed length control field 230917s9999||||xx |||||||||||||| ||und||
020 ## - ISBN
Price RS1100
040 ## - CATALOGING SOURCE
-- 242406
Original cataloging agency VIVEKANANDA LIBRARY
041 ## - Language
-- English
082 ## - DDC NUMBER
Classification number 338.4791 D535I
100 ## - MAIN ENTRY--PERSONAL NAME
Personal name Dhar, Prem Nath
245 #0 - TITLE STATEMENT
Title International tourism: Emerging challenges and future prospects
260 ## - PUBLICATION, DISTRIBUTION, ETC. (IMPRINT)
Place of publication, distribution, etc New Delhi
Name of publisher, distributor, etc Kanaishka Publishers
Date of publication, distribution, etc 2015
300 ## - PHYSICAL DESCRIPTION
Pages ix, 334 p.
500 ## - GENERAL NOTE
General note 2887 26/09/2017 HBD17/7056 26/09/2017 IHTM (SFS)
942 ## - ADDED ENTRY ELEMENTS (KOHA)
Koha item type Books
Holdings
Withdrawn status Lost status Damaged status Not for loan Location (home branch) Sublocation or collection (holding branch) Shelving location Date acquired Koha issues (times borrowed) Koha full call number Accession No. Koha date last seen Koha item type
        VIVEKANANDA LIBRARY VIVEKANANDA LIBRARY IHTM Library 30/10/2017   338.4791 D535I 367166 17/09/2023 Books
© Designed and Maintained by Vivekananda Library, MDU Rohtak